000 00599nam a22002177a 4500
003 UA-OsUOA
001 63137
007 ta
008 20090917b un ||||| |||| 00| 0 ukr d
100 _aЛук'янов В.
090 _a330(477)
_bЛ84
942 _cSA
040 _aUA-OsUOA
_bukr
_cUA-OsUOA
_dUA-OsUOA
245 _aПлатіжна система України: її складові та принципи формування
300 _aС.87-91
955 _a0
041 _aukr
080 _a330(477)
773 0 _w63133
650 7 _a330 Економіка взагалі
_2UDC
999 _c349229
_d349229